<?xml version="1.0" encoding="UTF-8"?>
<marc:record xmlns:marc="http://www.loc.gov/MARC21/slim">
   <marc:leader>00000nam a2200000 a 4500</marc:leader>
   <marc:datafield ind1="1" ind2=" " tag="100">
      <marc:subfield code="a">KAZÉ, Manga</marc:subfield>
      <marc:subfield code="4">aut</marc:subfield>
      <marc:subfield code="e">Verfasser/-in</marc:subfield>
   </marc:datafield>
   <marc:datafield ind1="0" ind2="0" tag="245">
      <marc:subfield code="a">Der Meteorit</marc:subfield>
   </marc:datafield>
   <marc:datafield ind1=" " ind2="1" tag="264">
      <marc:subfield code="a">Lausanne</marc:subfield>
      <marc:subfield code="b">Kazé Manga</marc:subfield>
      <marc:subfield code="c">2017</marc:subfield>
   </marc:datafield>
   <marc:datafield ind1="1" ind2=" " tag="520">
      <marc:subfield code="a">Na endlich! Erleichtert registriert Saitama, dass er auf der Helden-Rangliste nach oben gerückt ist. Als die nächste große Gefahr in Gestalt eines riesigen Meteoriten im Anflug ist, wird aber doch wieder nur Genos gerufen. Weil sich die meisten anderen Helden vor Angst aus dem Staub gemacht haben, steht Genos dieser Bedrohung nun allein gegenüber. Aber kann er das ohne die Hilfe seines Meisters schaffen?</marc:subfield>
   </marc:datafield>
   <marc:datafield ind1=" " ind2=" " tag="020">
      <marc:subfield code="a">9782889218486</marc:subfield>
      <marc:subfield code="9">9782889218486</marc:subfield>
   </marc:datafield>
   <marc:datafield ind1=" " ind2=" " tag="300">
      <marc:subfield code="a">201 ungezählte Seiten</marc:subfield>
   </marc:datafield>
</marc:record>
